| 000 | 00758nam a22002177a 4500 | ||
|---|---|---|---|
| 003 | DO-SdBNP | ||
| 005 | 20250314113816.0 | ||
| 007 | ta | ||
| 008 | 210928b2017 dr ac||| |||| 00| 0 spa d | ||
| 040 |
_aDO-SdBNP _bspa _cBNPHU |
||
| 082 | 4 | _222 | |
| 245 | 1 | 0 |
_aFrancisco Noel, el primogénito de Salomé Ureña de Henríquez / _ceditado por Miguel Collado. |
| 260 |
_aSanto Domingo : _bEdiciones CEDIBIL, _c2017. |
||
| 300 |
_a99 p. : _bil., retrs. ; _c23 cm. |
||
| 500 | _aIncluye referencias bibliográficas y notas al pie de las páginas | ||
| 500 | _aIncluye datos biográficos del autor en la solapa de la cubierta | ||
| 590 | _aInventariado, 2021 /LP | ||
| 700 | 1 |
_aCollado, Miguel A., _d1954- _924696 |
|
| 910 | _aLopérez | ||
| 942 |
_2ddc _cLBS1 |
||
| 999 |
_c50669 _d50669 |
||